|
|
|
|
| LEADER |
00000nab a2200000 a 4500 |
| 001 |
vtls000859920 |
| 003 |
SK-MaSNL |
| 005 |
20260303190431.0 |
| 008 |
141122c2003 xo 0 slo |
| 015 |
|
|
|a SNBRB2004/01-03161
|
| 035 |
|
|
|a CLN000211537
|
| 040 |
|
|
|a SNKBUCL
|b slo
|c SNKBUCL
|e AACR2
|
| 041 |
0 |
|
|a slo
|
| 044 |
|
|
|a xo
|c SK
|
| 080 |
|
|
|a 618.177:615.368:061.3
|2 1997
|
| 245 |
0 |
0 |
|a Význam protilátok proti spermiám v liečbe ženskej sterility
|c V. Kraus ... [et al.]
|
| 650 |
0 |
7 |
|a neplodnosť žien
|x etiológia
|2 MESH
|9 26389
|
| 650 |
0 |
7 |
|a abstrakty z kongresu
|2 MESH
|9 168204
|
| 650 |
0 |
7 |
|a látky blokujúce spermatogenézu
|x účinky nežiadúce
|2 MESH
|9 1218759
|
| 650 |
0 |
7 |
|a tolerancia imunologická
|2 MESH
|9 1113427
|
| 655 |
|
7 |
|a články z novín a časopisov
|2 snkbucl
|9 267496
|
| 700 |
1 |
|
|a Kraus, V.
|4 aut
|9 604583
|
| 700 |
1 |
|
|a Suchánek, P.
|4 aut
|9 1102411
|
| 700 |
1 |
|
|a Bobák, L.
|4 aut
|9 907969
|
| 700 |
1 |
|
|a Adam, J.
|4 aut
|9 604694
|
| 700 |
1 |
|
|a Hrivňák, M.
|4 aut
|9 850400
|
| 700 |
1 |
|
|a Kladeková, Z.
|4 aut
|9 907970
|
| 700 |
1 |
|
|a Rosocha, Ján,
|d 1960-2022
|4 aut
|9 224562
|
| 711 |
1 |
|
|a Slovenská gynekologicko-pôrodnícka spoločnosť SLS
|b Zjazd
|n (10. :
|d 2003 :
|c Nitra, Slovensko)
|4 aut
|9 84268
|
| 773 |
0 |
|
|t Slovenská gynekológia a pôrodníctvo
|g Roč. 10, suppl. 1 (2003), s. 35
|x 1335-0862
|
| 850 |
|
|
|a Slovenská národná knižnica v Martine
|
| 852 |
|
|
|a SNK
|b KIS3GCP
|
| 958 |
|
|
|a MI
|
| 999 |
|
|
|c 2136229
|d 2138159
|